00468nam a22001577a 4500020001400000082001400014100002200028245003600050250001200086260003300098300001000131650002600141942000700167952011900174999001700293 a722072813 a235.2 PEE aPeers, E. Allison aThe Complete Works Of St Teresa aVol- 2  aLondonbSheed And Wardc1972 a420 P aSaints - Christianity cBK 00104070aHMIbHMIcGENd2015-09-21eDr Andreas D'Souzag0.00l0o235.2 PEEp11-2448r2015-09-21w2026-01-16yBK c19781d19781